|
|
|
|
| LEADER |
01665nam a2200253 a 4500 |
| 001 |
2172394 |
| 008 |
091231r20092005nyuac b 001 0 eng d |
| 010 |
|
|
|a 67031211
|
| 020 |
|
|
|a 9788126511006
|
| 040 |
|
|
|a DLC
|c DLC
|d DLC
|d BD-DhAAL
|
| 082 |
0 |
0 |
|a 530.11
|2 22
|
| 100 |
1 |
|
|a Resnick, Robert,
|d 1923-
|
| 245 |
1 |
0 |
|a Introduction to special relativity /
|c Robert Resnick
|
| 260 |
|
|
|a New York ;
|a New Delhi :
|b Wiley India,
|c 2009 [reprinted]
|
| 300 |
|
|
|a x, 226 p. :
|b illus., ports. ;
|c 23 cm.
|
| 504 |
|
|
|a Includes bibliographical references and index.
|
| 526 |
|
|
|x Fardousi Ara Begum
Assistant Professor
Department of Mathematics and Natural Sciences
Course name and no.: Quantum Physics of Atoms, Solids and Nuclei(PHY210)
|
| 541 |
1 |
|
|a Trust line International
|e 00019659
|
| 650 |
|
0 |
|a Special relativity (Physics).
|9 23766
|
| 852 |
4 |
|
|a Ayesha Abed Library
|j General Shelf.
|
| 942 |
|
|
|2 ddc
|c BK
|
| 999 |
|
|
|c 6548
|d 6548
|
| 952 |
|
|
|0 0
|1 0
|2 ddc
|4 0
|6 530_110000000000000_RES_2009
|7 0
|9 6657
|a BRACUL
|b BRACUL
|c GEN
|d 2009-12-31
|e Trust Line International
|g 340.00
|l 7
|m 64
|o 530.11 RES
|p 3010019659
|r 2025-03-20
|s 2024-01-22
|t 1
|v 680.00
|w 2009-12-31
|y BK
|x Requisitioned by Fardousi Ara Begum, Assistant Professor, Department of MNS. Course name and no. ‘’Quantum Physics of Atoms, Solids and Nuclei(PHY210)’’
|
| 952 |
|
|
|0 0
|1 0
|2 ddc
|4 0
|6 530_110000000000000_RES_2009
|7 0
|9 6658
|a BRACUL
|b BRACUL
|c GEN
|d 2009-12-31
|e Trust Line International
|g 340.00
|l 7
|m 13
|o 530.11 RES
|p 3010019660
|r 2025-01-14
|s 2024-04-04
|t 2
|v 680.00
|w 2009-12-31
|y BK
|x Requisitioned by Fardousi Ara Begum, Assistant Professor, Department of MNS. Course name and no. ‘’Quantum Physics of Atoms, Solids and Nuclei(PHY210)’’
|